[Event "Olympiad-45"]
[Site "Budapest"]
[Date "2024.09.21"]
[Round "10.3"]
[White "Lima, Osvaldo Dos Santos"]
[Black "Marochkina, Nadezhda Valerevna"]
[Result "0-1"]
[WhiteElo "1903"]
[BlackElo "1792"]
[PlyCount "162"]
[EventDate "2024.09.11"]
[EventType "team-swiss"]
[EventRounds "11"]
[EventCountry "HUN"]
[SourceTitle "EXT 2025"]
[Source "ChessBase"]
[SourceDate "2024.10.14"]
[SourceVersion "1"]
[SourceVersionDate "2024.10.14"]
[SourceQuality "1"]
[WhiteTeam "Sao Tome and Principe"]
[BlackTeam "Senegal"]
[WhiteTeamCountry "SAO"]
[BlackTeamCountry "SEN"]

1. c4 Nf6 2. Nc3 d5 3. cxd5 Nxd5 4. g3 e6 5. Bg2 c6 6. Nf3 Nd7 7. 0-0 Be7 8. d4 0-0 9. e4 N5f6 10. h3 Bb4 11. Qc2 c5 12. a3 Ba5 13. dxc5 Bxc3 14. bxc3 Nxc5 15. Nd4 e5 16. Nb3 Nxb3 17. Qxb3 Qc7 18. Be3 Be6 19. Qb2 Bc4 20. Rfd1 b5 21. f4 Nh5 22. Qf2 Bb3 23. Rdc1 Rfd8 24. Kh2 Rd3 25. fxe5 Qxe5 26. Bf1 Rxc3 27. Bd4 Qxg3+ 28. Qxg3 Rxg3 29. Bxb5 Be6 30. Bf1 Rb3 31. Rcb1 a5 32. Rxb3 Bxb3 33. a4 Bc2 34. Be2 Nf4 35. Bf3 Ne6 36. Be3 h6 37. e5 Rb8 38. Bc6 Rb2 39. Kg3 Rb3 40. Kf2 Rb2 41. Ke1 Rb3 42. Kd2 Bf5 43. h4 Rd3+ 44. Ke2 Nd4+ 45. Bxd4 Rxd4 46. h5 Rc4 47. Bb5 Rc5 48. Ke3 Rxe5+ 49. Kd4 Re7 50. Kc5 Bd7 51. Kd6 Bxb5 52. Kxe7 Bc6 53. Kd6 Bf3 54. Rc1 Bxh5 55. Rc5 Bf3 56. Rxa5 g5 57. Ke5 Kg7 58. Kf5 Bb7 59. Kg4 Kg6 60. Ra7 f5+ 61. Kg3 f4+ 62. Kf2 Be4 63. a5 g4 64. Re7 g3+ 65. Kg1 Bd5 66. Re5 Bf3 67. a6 h5 68. Re8 Kf7 69. Re5 Kf6 70. Re8 Kf7 71. Re5 Kg6 72. a7 h4 73. Re8 h3 74. Rh8 h2+ 75. Rxh2 gxh2+ 76. Kxh2 Kg5 77. Kh3 Bc6 78. Kh2 Kg4 79. Kg1 Kg3 80. Kf1 f3 81. Kg1 f2+ 0-1

[Event "Olympiad-45"]
[Site "Budapest"]
[Date "2024.09.20"]
[Round "9.3"]
[White "Marochkina, Nadezhda Valerevna"]
[Black "Oluka, Robert Mcligeyo"]
[Result "0-1"]
[WhiteElo "1792"]
[BlackElo "1990"]
[PlyCount "46"]
[EventDate "2024.09.11"]
[EventType "team-swiss"]
[EventRounds "11"]
[EventCountry "HUN"]
[SourceTitle "EXT 2025"]
[Source "ChessBase"]
[SourceDate "2024.10.14"]
[SourceVersion "1"]
[SourceVersionDate "2024.10.14"]
[SourceQuality "1"]
[WhiteTeam "Senegal"]
[BlackTeam "Kenya"]
[WhiteTeamCountry "SEN"]
[BlackTeamCountry "KEN"]

1. d4 Nf6 2. c4 e6 3. Bg5 d5 4. e3 Bb4+ 5. Nc3 Nbd7 6. Nf3 c5 7. cxd5 exd5 8. Qb3 Qa5 9. Bxf6 Nxf6 10. Bb5+ Qxb5 11. a3 Bxc3+ 12. Qxc3 Ne4 13. Qc2 0-0 14. Rc1 Bf5 15. dxc5 Ng3 16. Nd4 Bxc2 17. Nxb5 Bd3 18. Nc7 Nxh1 19. Nxa8 Rxa8 20. Rd1 Bc4 21. Rd4 a5 22. e4 Re8 23. f3 f5 0-1

[Event "Olympiad-45"]
[Site "Budapest"]
[Date "2024.09.15"]
[Round "5.68"]
[White "Marochkina, Nadezhda Valerevna"]
[Black "Volcimus, Ritchy David"]
[Result "1-0"]
[WhiteElo "1792"]
[BlackElo "1948"]
[PlyCount "69"]
[EventDate "2024.09.11"]
[EventType "team-swiss"]
[EventRounds "11"]
[EventCountry "HUN"]
[SourceTitle "EXT 2025"]
[Source "ChessBase"]
[SourceDate "2024.10.14"]
[SourceVersion "1"]
[SourceVersionDate "2024.10.14"]
[SourceQuality "1"]
[WhiteTeam "Senegal"]
[BlackTeam "Haiti"]
[WhiteTeamCountry "SEN"]
[BlackTeamCountry "HAI"]

1. d4 Nf6 2. c4 e6 3. Nf3 Bb4+ 4. Bd2 Be7 5. g3 d5 6. Bg2 c6 7. e3 Nbd7 8. b3 0-0 9. 0-0 b6 10. Bc3 Ne4 11. Bb2 Ba6 12. Nbd2 f5 13. Qc1 Rc8 14. Re1 g5 15. Ba3 c5 16. Qb2 g4 17. Ne5 Nxd2 18. Nxd7 Nxc4 19. bxc4 Qxd7 20. cxd5 exd5 21. dxc5 Bxc5 22. Rad1 Bc4 23. Qc3 Bxa3 24. Qxa3 Rc5 25. Qb2 Qg7 26. Rd4 Bd3 27. Rd1 Be4 28. Qa3 Bxg2 29. Kxg2 Rd8 30. e4 fxe4 31. Rxe4 d4 32. Qb3+ Kh8 33. Rdxd4 Qxd4 34. Rxd4 Rxd4 35. Qf7 1-0

[Event "Olympiad-45"]
[Site "Budapest"]
[Date "2024.09.14"]
[Round "4.87"]
[White "Samuel, Jhon"]
[Black "Marochkina, Nadezhda Valerevna"]
[Result "0-1"]
[WhiteElo "1545"]
[BlackElo "1792"]
[PlyCount "98"]
[EventDate "2024.09.11"]
[EventType "team-swiss"]
[EventRounds "11"]
[EventCountry "HUN"]
[SourceTitle "EXT 2025"]
[Source "ChessBase"]
[SourceDate "2024.10.14"]
[SourceVersion "1"]
[SourceVersionDate "2024.10.14"]
[SourceQuality "1"]
[WhiteTeam "British Virgin Islands"]
[BlackTeam "Senegal"]
[WhiteTeamCountry "IVB"]
[BlackTeamCountry "SEN"]

1. d4 d5 2. c4 Nf6 3. Nc3 c6 4. e3 Bg4 5. Nf3 e6 6. cxd5 exd5 7. Be2 Bd6 8. h3 Bh5 9. Ne5 Bxe2 10. Qxe2 Nbd7 11. f4 Ne4 12. Nxe4 dxe4 13. 0-0 Nf6 14. a4 0-0 15. b3 Nd5 16. Bb2 f5 17. Ba3 Bxa3 18. Rxa3 Qe7 19. Raa1 Qb4 20. Qc4 Rad8 21. Qxb4 Nxb4 22. Rac1 Rfe8 23. Rfd1 Rd5 24. Rc5 Red8 25. Rxd5 Nxd5 26. Kf2 Kf8 27. Ke2 Nc3+ 28. Kd2 Nxd1 29. Kxd1 c5 30. d5 Rxd5+ 31. Kc2 g5 32. g3 Ke7 33. Kc1 gxf4 34. gxf4 Rd6 35. Kc2 Rh6 36. h4 Rxh4 37. Kd2 Rh2+ 38. Kc1 h5 39. Nc4 b6 40. Kd1 h4 41. Ke1 Rc2 42. Kf1 Rc3 43. Kf2 Rxb3 44. Ne5 Rb2+ 45. Kf1 Ke6 46. Nc4 Rb4 47. Ne5 Rxa4 48. Kg2 Ra3 49. Nc4 Rc3 0-1

[Event "Africa-ch (Women)"]
[Site "Accra"]
[Date "2024.03.19"]
[Round "8"]
[White "Banda, Natalie Katlo"]
[Black "Marochkina, Nadezhda Valerevna"]
[Result "1-0"]
[WhiteElo "1772"]
[BlackElo "1819"]
[PlyCount "53"]
[EventDate "2024.03.13"]
[EventType "swiss"]
[EventRounds "9"]
[EventCountry "GHA"]
[SourceTitle "EXT 2025"]
[Source "ChessBase"]
[SourceDate "2024.10.14"]
[SourceVersion "1"]
[SourceVersionDate "2024.10.14"]
[SourceQuality "1"]

1. d4 d5 2. Nf3 Nf6 3. e3 Bg4 4. c4 e6 5. Nc3 Nbd7 6. Qb3 dxc4 7. Qxb7 Nb6 8. Bxc4 Nxc4 9. Qc6+ Nd7 10. Qxc4 a6 11. Qc6 Bxf3 12. Qxf3 c5 13. dxc5 Bxc5 14. Qg3 0-0 15. e4 Bb4 16. 0-0 Qf6 17. Bd2 Rfd8 18. Bg5 Qd4 19. Bxd8 Rxd8 20. Qc7 Ne5 21. Rfd1 Nd3 22. Rd2 Bc5 23. Rad1 h6 24. Qg3 Qc4 25. Rxd3 Bxf2+ 26. Kxf2 Rxd3 27. Qxd3 1-0

[Event "Africa-ch (Women)"]
[Site "Accra"]
[Date "2024.03.17"]
[Round "5"]
[White "Marochkina, Nadezhda Valerevna"]
[Black "Lidet, Abate Haile"]
[Result "1-0"]
[WhiteElo "1819"]
[BlackElo "1798"]
[PlyCount "135"]
[EventDate "2024.03.13"]
[EventType "swiss"]
[EventRounds "9"]
[EventCountry "GHA"]
[SourceTitle "EXT 2025"]
[Source "ChessBase"]
[SourceDate "2024.10.14"]
[SourceVersion "1"]
[SourceVersionDate "2024.10.14"]
[SourceQuality "1"]

1. d4 d5 2. c4 e6 3. Nf3 Nf6 4. Bg5 Be7 5. e3 dxc4 6. Bxc4 Nbd7 7. Nc3 a6 8. a4 0-0 9. 0-0 b6 10. Ne5 Nxe5 11. dxe5 Nd7 12. Bf4 Bb7 13. Qg4 Re8 14. Rad1 c5 15. Bxe6 fxe6 16. Qxe6+ Kh8 17. Qxd7 Qxd7 18. Rxd7 Bc6 19. Rd2 b5 20. axb5 axb5 21. Nd5 Red8 22. e4 Rd7 23. e6 Rb7 24. Rfd1 h6 25. f3 c4 26. Nxe7 Rxe7 27. Rd6 Rc8 28. Bg3 b4 29. Bh4 Ree8 30. e7 c3 31. bxc3 bxc3 32. Rc1 Ba4 33. Rd4 Bb5 34. Rc2 Kg8 35. Be1 Rxe7 36. Rxc3 Rxc3 37. Bxc3 Rc7 38. Rd8+ Kf7 39. Be5 Rc1+ 40. Kf2 Rc2+ 41. Ke3 Rxg2 42. Rb8 Bd7 43. Rb7 Ke6 44. Bg3 g6 45. f4 Be8 46. Rb6+ Kd7 47. f5 gxf5 48. exf5 h5 49. Rb7+ Kc8 50. Re7 Bb5 51. Rh7 Re2+ 52. Kf4 Be8 53. f6 Bg6 54. f7 Bxf7 55. Rxf7 h4 56. Kf3 Rc2 57. Bf4 Kd8 58. Kg4 Ke8 59. Rh7 Kf8 60. Kxh4 Kg8 61. Ra7 Rc4 62. Kg4 Rb4 63. h4 Kh8 64. h5 Kg8 65. h6 Kh8 66. Kg5 Rb5+ 67. Kg6 Rb6+ 68. Kh5 1-0

[Event "Africa-ch rapid (Women)"]
[Site "Accra"]
[Date "2024.03.10"]
[Round "6"]
[White "Yavo Tchetche, Marie"]
[Black "Marochkina, Nadezhda Valerevna"]
[Result "0-1"]
[WhiteElo "1659"]
[BlackElo "1819"]
[PlyCount "91"]
[EventDate "2024.03.07"]
[EventType "swiss (rapid)"]
[EventRounds "6"]
[EventCountry "GHA"]
[SourceTitle "CBM 219 Extra"]
[Source "ChessBase"]
[SourceDate "2024.05.31"]
[SourceVersion "1"]
[SourceVersionDate "2024.05.31"]
[SourceQuality "1"]

1. d4 d5 2. Nf3 c6 3. g3 Bf5 4. Bg2 h6 5. Nbd2 Nf6 6. 0-0 e6 7. c4 Nbd7 8. a3 a5 9. b3 Be7 10. Re1 0-0 11. Nh4 Bh7 12. Bb2 Rb8 13. Nhf3 Ne4 14. Ne5 Ndf6 15. f3 Nd6 16. e4 Nde8 17. Rc1 Nd7 18. Nxd7 Qxd7 19. Qe2 Nc7 20. exd5 cxd5 21. f4 Bf6 22. Nf3 Rfd8 23. Ne5 Qe8 24. c5 Nb5 25. a4 Na7 26. Qd2 Bxe5 27. fxe5 Nc6 28. Bc3 Ra8 29. Bf1 Qd7 30. Bb5 Qc7 31. Rf1 Ne7 32. Rf2 Bg6 33. Rcf1 Rf8 34. Bd3 b6 35. cxb6 Qxb6 36. Bb5 Nc8 37. b4 axb4 38. Bxb4 Rd8 39. Bc5 Qb7 40. Ra1 Na7 41. Bxa7 Rxa7 42. Rff1 Rb8 43. Rfc1 Qe7 44. Qc3 Rba8 45. Qc5 Qg5 46. Bc6 0-1

[Event "Olympiad Women-44"]
[Site "Chennai"]
[Date "2022.08.06"]
[Round "8.1"]
[White "Marochkina, Nadezhda Valerevna"]
[Black "De Souza, Ivana Claudia Eyram"]
[Result "1-0"]
[WhiteElo "1687"]
[BlackElo "1167"]
[PlyCount "121"]
[EventDate "2022.07.29"]
[EventType "team-swiss"]
[EventRounds "11"]
[EventCountry "IND"]
[SourceTitle "CBM 210"]
[Source "ChessBase"]
[SourceDate "2022.10.31"]
[SourceVersion "1"]
[SourceVersionDate "2022.10.31"]
[SourceQuality "1"]
[WhiteTeam "Senegal (W)"]
[BlackTeam "Togo (W)"]
[WhiteTeamCountry "SEN"]
[BlackTeamCountry "TOG"]

1. d4 Nf6 2. c4 e5 3. dxe5 Ne4 4. Nf3 Bb4+ 5. Nbd2 0-0 6. a3 Nxd2 7. Bxd2 Bxd2+ 8. Qxd2 Nc6 9. g3 Re8 10. Bg2 Nxe5 11. Nxe5 Rxe5 12. 0-0 Qe7 13. e3 c6 14. Rfd1 b5 15. cxb5 Rxb5 16. b4 d5 17. Rac1 Bd7 18. e4 Rc8 19. exd5 cxd5 20. Rxc8+ Bxc8 21. Bxd5 Bb7 22. Bc4 Re5 23. Qd8+ Qf8 24. Qxf8+ Kxf8 25. f4 Re7 26. Bb5 f6 27. Rd8+ Kf7 28. f5 g6 29. Bc4+ Kg7 30. fxg6 hxg6 31. Bd5 Bxd5 32. Rxd5 Kf8 33. Rd6 Kf7 34. Kf2 Rc7 35. h4 Ke7 36. Rd3 Rc2+ 37. Ke3 f5 38. Kf4 Rc4+ 39. Ke5 Re4+ 40. Kd5 Kd7 41. Kc5+ Kc7 42. Rf3 Re5+ 43. Kc4 Re4+ 44. Kd5 Kd7 45. h5 gxh5 46. Rxf5 Re3 47. Rf7+ Ke8 48. Rxa7 Rxg3 49. b5 Rg5+ 50. Ke6 Kd8 51. a4 Rg6+ 52. Kf5 Rg3 53. Ke6 Kc8 54. a5 Kb8 55. b6 h4 56. Rh7 Ra3 57. Rh5 h3 58. Kd6 h2 59. Rxh2 Rxa5 60. Kc6 Re5 61. Rh7 1-0

[Event "Africa-ch (Women)"]
[Site "Lilongwe"]
[Date "2021.05.24"]
[Round "6"]
[White "Marochkina, Nadezhda Valerevna"]
[Black "Nakabo, Peninah"]
[Result "1/2-1/2"]
[WhiteElo "1639"]
[BlackElo "1730"]
[PlyCount "97"]
[EventDate "2021.05.18"]
[EventType "swiss"]
[EventRounds "9"]
[EventCountry "MWI"]
[SourceTitle "EXT 2022"]
[Source "ChessBase"]
[SourceDate "2021.10.06"]
[SourceVersion "1"]
[SourceVersionDate "2021.10.06"]
[SourceQuality "1"]

1. d4 d5 2. c4 c6 3. e3 Bf5 4. Nf3 e6 5. Nc3 Nf6 6. a3 Be7 7. c5 0-0 8. Be2 Nbd7 9. b4 Qc7 10. 0-0 e5 11. dxe5 Nxe5 12. Nd4 Bg6 13. Bb2 a5 14. Na4 Ned7 15. Bd3 Bxd3 16. Qxd3 Ne5 17. Qc2 Nc4 18. Bc3 Ne4 19. Nf5 Nxc3 20. Nxe7+ Qxe7 21. Nxc3 f5 22. Ne2 Qe5 23. Qc3 Qxc3 24. Nxc3 axb4 25. axb4 Ra3 26. Rxa3 Nxa3 27. Ra1 Nc2 28. Ra4 g6 29. g3 Re8 30. b5 Ne1 31. Ra7 cxb5 32. Rxb7 Rc8 33. Rxb5 Nd3 34. Nxd5 Rxc5 35. Rxc5 Nxc5 36. h4 Kf7 37. Kg2 Nd7 38. Nc3 Ke6 39. e4 Ke5 40. exf5 Kxf5 41. Nd5 Ke4 42. Nf4 Ne5 43. Ne6 h5 44. Nf8 Kf5 45. Nh7 Nf7 46. Nf8 Ne5 47. f4 Nc4 48. Nd7 Kg4 49. Nf6+ 1/2-1/2

[Event "Africa-ch (Women)"]
[Site "Lilongwe"]
[Date "2021.05.23"]
[Round "5"]
[White "Marochkina, Nadezhda Valerevna"]
[Black "Mpinganjira, Ellen"]
[Result "1-0"]
[WhiteElo "1639"]
[BlackElo "1356"]
[PlyCount "76"]
[EventDate "2021.05.18"]
[EventType "swiss"]
[EventRounds "9"]
[EventCountry "MWI"]
[SourceTitle "EXT 2022"]
[Source "ChessBase"]
[SourceDate "2021.10.06"]
[SourceVersion "1"]
[SourceVersionDate "2021.10.06"]
[SourceQuality "1"]

1. d4 c5 2. e3 d6 3. Nf3 Nc6 4. dxc5 Qa5+ 5. Bd2 Qxc5 6. Be2 Qb6 7. Bc3 Nf6 8. Nbd2 Nd5 9. Ne4 Nxc3 10. Nxc3 Qxb2 11. Nd5 Qa3 12. Nc7+ Kd8 13. Nxa8 Qa5+ 14. Qd2 Qxd2+ 15. Nxd2 Nb4 16. 0-0 Nc6 17. Bf3 Ne5 18. Rab1 Nxf3+ 19. Nxf3 g6 20. Rfd1 b6 21. Ne5 Ke8 22. Nc7+ Kd8 23. Nxf7+ Kxc7 24. Nxh8 Be6 25. c4 g5 26. e4 Bg7 27. Ng6 hxg6 28. Rbc1 Bb2 29. Rc2 Ba3 30. Rd3 Bc5 31. h3 Bd7 32. Rg3 Ba4 33. Rc1 Bb4 34. Rd3 Bc5 35. Rd5 Bc6 36. Rxg5 Bxe4 37. Re1 Bd3 38. Rxe7+ Kc6 1-0

[Event "Africa-ch (Women)"]
[Site "Lilongwe"]
[Date "2021.05.18"]
[Round "1"]
[White "Marochkina, Nadezhda Valerevna"]
[Black "Simwaba, Anne"]
[Result "1-0"]
[WhiteElo "1639"]
[BlackElo "1269"]
[PlyCount "63"]
[EventDate "2021.05.18"]
[EventType "swiss"]
[EventRounds "9"]
[EventCountry "MWI"]
[SourceTitle "EXT 2022"]
[Source "ChessBase"]
[SourceDate "2021.10.06"]
[SourceVersion "1"]
[SourceVersionDate "2021.10.06"]
[SourceQuality "1"]

1. d4 e6 2. c4 d5 3. e3 Nf6 4. Nf3 c5 5. Nc3 Nc6 6. b3 cxd4 7. Nxd4 Bb4 8. Bb2 Ne4 9. Qc2 Nxd4 10. exd4 Bxc3+ 11. Bxc3 Nxc3 12. Qxc3 0-0 13. c5 Bd7 14. Be2 Rc8 15. 0-0 b6 16. b4 Qf6 17. Rac1 bxc5 18. bxc5 Bc6 19. Ba6 Rb8 20. Rb1 Qe7 21. Rb3 Qc7 22. Rfb1 Rxb3 23. axb3 Rb8 24. b4 Bb5 25. Qa3 f6 26. Bxb5 Rxb5 27. Qa6 Qb7 28. Qxe6+ Kf8 29. Re1 g6 30. Qe8+ Kg7 31. Re7+ Qxe7 32. Qxe7+ 1-0